| 000 -LEADER |
| fixed length control field |
00559cam a22001697a 4500 |
| 008 - FIXED-LENGTH DATA ELEMENTS--GENERAL INFORMATION |
| fixed length control field |
180718b2003 xxu||||| |||| 00| 0 eng d |
| 020 ## - INTERNATIONAL STANDARD BOOK NUMBER |
| International Standard Book Number |
8185040710 |
| 082 ## - DEWEY DECIMAL CLASSIFICATION NUMBER |
| Classification number |
Z463x54 D354 |
| 245 ## - TITLE STATEMENT |
| Title |
Enabling agricultural markets for the small Indian farmer |
| Statement of responsibility, etc. |
edited by Bibek Debroy and Amir Ullah Khan |
| 260 ## - PUBLICATION, DISTRIBUTION, ETC. |
| Place of publication, distribution, etc. |
New Delhi |
| Name of publisher, distributor, etc. |
Bookwell |
| Date of publication, distribution, etc. |
2003 |
| 300 ## - PHYSICAL DESCRIPTION |
| Extent |
285p. |
| 650 ## - SUBJECT ADDED ENTRY--TOPICAL TERM |
| Topical term or geographic name entry element |
Agriculture and state --India |
| 650 ## - SUBJECT ADDED ENTRY--TOPICAL TERM |
| Topical term or geographic name entry element |
Farmers --India --Economic conditions |
| 650 ## - SUBJECT ADDED ENTRY--TOPICAL TERM |
| Topical term or geographic name entry element |
Farm produce --India --Marketing |
| 700 ## - ADDED ENTRY--PERSONAL NAME |
| Personal name |
Khan, Amir Ullah |
| 700 ## - ADDED ENTRY--PERSONAL NAME |
| Personal name |
Debroy, Bibek |